000 01010nam a2200289 i 4500
001 7204
003 ES-MaACL
005 20230906145201.0
007 t|
008 901009s1990 sp |||| | spa d
020 _a84-206-2618-X
080 _a282(46)"1875/1975"
100 1 _aLannon, Frances.
_970085
245 1 0 _aPrivilegio, persecución y profecía
_b: la Iglesia Católica en España 1875-1975 /
_cFrances Lannon ; versión española de Juan Luis Pan Montojo.
260 _aMadrid :
_bAlianza,
_cD.L. 1990.
300 _a324 p. ;
_c20 cm.
490 1 _aAlianza universidad ;
_v618
504 _aBibliografía: p. 303-313.
650 4 _aÉlites-
_zEspaña-
_yS.XIX.
_912173
650 4 _aÉlites-
_zEspaña-
_yS.XX.
_912174
651 4 _aEspaña-
_xHistoria eclesiástica-
_yS.XIX.
_9158820
651 4 _aEspaña-
_xHistoria eclesiástica-
_yS.XX.
_98372
700 1 _aPan-Montojo, Juan.
_988742
830 0 _aAlianza universidad ;
_v618
_9177276
852 _aES-MaACL
_jL-14370
999 _c7204
_d7204